2014 Albums - Statistics

General Stats
  • This quiz has been taken 18 times
  • The average score is 14 of 102
Answer Stats
Date Album Artist % Correct
Oct 27 1989 Taylor Swift
81%
Dec 15 The Pinkprint Nicki Minaj
63%
Jun 13 Ultraviolence Lana del Rey
50%
Sep 22 This Is All Yours alt-J
44%
May 16 Ghost Stories Coldplay
38%
Jun 20 x Ed Sheeran
38%
Apr 21 The New Classic Iggy Azalea
38%
Feb 24 S_. V______ St. Vincent
38%
Aug 22 My Everything Ariana Grande
31%
Aug 6 LP1 FKA twigs
31%
Dec 9 2014 Forest Hills Drive J. Cole
31%
Mar 3 G I R L Pharrell Williams
31%
Sep 9 Songs of Innocence U2
31%
Feb 21 Morning Phase Beck
25%
Nov 10 Sonic Highways Foo Fighters
25%
Aug 29 V Maroon 5
25%
Oct 24 R__ t__ J_____ 2 Run the Jewels
25%
Jul 4 1000 Forms of Fear Sia
25%
Feb 11 Benji Sun Kil Moon
25%
Nov 28 Ferg Forever A$AP Ferg
19%
Nov 6 Broke with Expensive Taste Azealia Banks
19%
Sep 5 Goddess Banks
19%
Jun 17 while(1<2) deadmau5
19%
Oct 6 Plowing into the Field of Love Iceage
19%
Jun 10 Lazaretto Jack White
19%
Mar 14 Recess Skrillex
19%
Jan 27 Ghettoville Actress
13%
Sep 19 Syro Aphex Twin
13%
Nov 17 Pom Pom Ariel Pink
13%
Feb 3 The Satanist Behemoth
13%
Nov 10 Cadillactica Big K.R.I.T.
13%
Sep 9 Perfect Hair Busdriver
13%
Oct 6 Our Love Caribou
13%
Jun 10 CLPPNG clipping.
13%
Jul 22 Nobody Smiling Common
13%
Jun 8 The Powers That B Death Grips
13%
Oct 6 You're Dead! Flying Lotus
13%
Oct 14 ...And Star Power Foxygen
13%
Sep 9 Souled Out Jhené Aiko
13%
Jul 18 Trouble in Paradise La Roux
13%
Mar 24 Mess Liars
13%
May 2 I Never Learn Lykke Li
13%
Nov 24 The London Sessions Mary J. Blige
13%
Oct 28 Gay Dog Food Mykki Blanco
13%
Sep 23 Too Bright Perfume Genius
13%
Oct 14 Bestial Burden Pharmakon
13%
Nov 10 The Endless River Pink Floyd
13%
Aug 12 Worlds Porter Robinson
13%
Jul 28 Lese Majesty Shabazz Palaces
13%
Aug 5 They Want My Soul Spoon
13%
May 12 To Be Kind Swans
13%
May 12 Turn Blue The Black Keys
13%
Feb 11 Love Death Immortality The Glitch Mob
13%
Mar 18 Lost in the Dream The War on Drugs
13%
Apr 1 Hot Dreams Timber Timbre
13%
Mar 18 My Krazy Life YG
13%
Jun 3 Animal Ambition 50 Cent
6%
Jun 3 Connecticut Casual Apathy
6%
Jun 24 Noise vs. Beauty Bassnectar
6%
May 26 A U R O R A Ben Frost
6%
Apr 1 Here and Nowhere Else Cloud Nothings
6%
Nov 4 La Isla Bonita Deerhoof
6%
Sep 23 Commune Goat
6%
Sep 8 El Pintor Interpol
6%
Apr 18 Food Kelis
6%
Oct 17 Sound of a Woman Kiesza
6%
Jun 24 Once More 'Round the Sun Mastodon
6%
Jan 20 Rave Tapes Mogwai
6%
Oct 25 Flatland Objekt
6%
Jan 24 Restoring Force Of Mice & Men
6%
Dec 2 Sex Playlist Omarion
6%
Jun 10 Dark Comedy Open Mike Eagle
6%
Apr 8 So It Goes Ratking
6%
Mar 3 Mastermind Rick Ross
6%
Oct 7 Wonder Where We Land SBTRKT
6%
Feb 25 Oxymoron ScHoolboy Q
6%
Sep 30 Neon Future.I Steve Aoki
6%
Sep 12 No Sound Without Silence The Script
6%
Sep 26 Tomorrow's Modern Boxes Thom Yorke
6%
Sep 12 Bulletproof Picasso Train
6%
Nov 18 Seeds TV on the Radio
6%
Oct 7 Everything Will Be Alright in the End Weezer
6%
Jul 15 Mandatory Fun Weird Al Yankovic
6%
Aug 18 Blacc Hollywood Wiz Khalifa
6%
Dec 2 A Better Tomorrow Wu-Tang Clan
6%
Feb 4 Angel Guts: Red Classroom Xiu Xiu
6%
Mar 25 Oh, Common Life Fireworks
0%
May 12 Glorious Foxes
0%
Dec 9 36 Seasons Ghostface Killah
0%
Oct 7 A World Lit Only by Fire Godflesh
0%
Apr 19 Demolicious Green Day
0%
Nov 7 BLUE iamamiwhoami
0%
Aug 18 Sparks Imogen Heap
0%
Jul 8 Redeemer of Souls Judas Priest
0%
Oct 21 Under Pressure Logic
0%
Nov 25 Where Greater Men Have Fallen Primordial
0%
Jul 15 The Black Market Rise Against
0%
Nov 10 The Inevitable End Röyksopp
0%
May 6 Corazón Santana
0%
Jan 14 Fading West Switchfoot
0%
Feb 25 Helios The Fray
0%
Mar 18 Awake Tycho
0%
No matching quizzes found
Score Distribution
Percent of People with Each Score
Percentile by Number Answered
Your Score History
You have not taken this quiz